| 000 | 00000nam##2200000za#4500 |
| 001 | 9.641372 |
| 003 | CaOODSP |
| 005 | 20250403105359 |
| 007 | cr ||||||||||| |
| 008 | 150407|1994||||xxc|||||o f|0| 0 fre|d |
| 040 | |aCaOODSP|bfre |
| 043 | |an-cn--- |
| 086 | 1 |aCS96-304/1994F-PDF |
| 245 | 00|aFaits saillants du recensement de 1991 |h[ressource électronique] |
| 246 | 14|aFaits saillants du recensement de 1991 parus dans Le Quotidien |
| 260 | |bStatistique Canada |c1994. |
| 500 | |aPublication du recensement historique numérisé par Statistique Canada. |
| 590 | |a13-04-Supp|b2013-02-13 |
| 691 | 07|aDonnées du recensement|2gcpds |
| 710 | 2 |aStatistique Canada. |
| 775 | 08|t1991 Census Highlights |w(CaOODSP)9.697314 |
| 856 | 40|ahttp://publications.gc.ca|qPDF|s9.4 Mo|uhttps://publications.gc.ca/collections/collection_2013/statcan/rh-hc/CS96-304-1994-fra.pdf |